ბათუმის შოთა რუსთაველის სახელმწიფო უნივერსიტეტის ბიბლიოთეკა

საქართველოს დემოკრატიული რესპუბლიკის 1918-1921 სამუსიკო ცხოვრება / (ბიბ.ჩანაწერი № 63725)

000 -ლიდერი
ფიქსირებული სიგრძის საკონტროლო ველი 01660nam a22002177a 4500
003 - საკონტროლო ნომრის იდენტიფიკატორი
საკონტროლო ველი Ge_BSU
005 - ბოლო ოპერაციის თარიღი და დრო
საკონტროლო ველი 20251216145458.0
008 - ფიქსირებული სიგრძის მონაცემთა ელემენტები - ზოგადი ინფორმაცია
ფიქსირებული სიგრძის საკონტროლო ველი 251216s2021 ge ||||| |||| 00| 0 geo d
020 ## - წიგნის საერთაშორისო სტანდარტული ნომერი
International Standard Book Number 9789941975011
041 ## - ენის კოდი
Language code of text/sound track or separate title geo
080 ## - უნივერსალური ათობითი კლასიფიკაციის ინდექსი
Universal Decimal Classification number 78(479.22)(09) ჭ-23
100 ## - მთავარი ჩანაწერი - პიროვნების სახელი
Personal name ჭანტურიძე, სალომე
9 (RLIN) 14483
245 ## - ცნობა სათაურის შესახებ
Title საქართველოს დემოკრატიული რესპუბლიკის 1918-1921 სამუსიკო ცხოვრება /
Statement of responsibility, etc შემდგენლები: სალომე ჭანტურიძე, მირიან ხოსიტაშვილი; რედაქტორი კატო ჯავახიშვილი; სამუშაო ჯგუფი: ნინო ჟვანია, ზურაბ ლეჟავა, ნიალა გოძიაშვილი [და სხვა] ; დიზაინერ-დამკაბადონებელი გიგი გელაშვილი.
264 ## - წარმოების, გამოცემის, დისტრიბუციის და სხვა ცნობები
გამოცემის, წარმოების, დისტრიბუციის... ადგილი თბილისი :
გამოცემის, წარმოების, დისტრიბუციის... სახელწოდება საქართველოს პარლამენტის ეროვნული ბიბლიოთეკა,
გამოცემის, წარმოების, დისტრიბუციის... თარიღი 2021.
300 ## - ფიზიკური აღწერა
Extent 132 გვ. :
Other physical details ფოტ. ;
Dimensions 24 სმ.
653 ## - INDEX TERM--UNCONTROLLED
Uncontrolled term ქართული მუსიკის ისტორია
700 ## - ADDED ENTRY--PERSONAL NAME
Personal name ხოსიტაშვილი, მირიან
Relator term შემდგენელი
9 (RLIN) 26524
700 ## - ADDED ENTRY--PERSONAL NAME
Personal name ჯავახიშვილი, კატო, რედაქტორი.
9 (RLIN) 26525
700 ## - ADDED ENTRY--PERSONAL NAME
Personal name გელაშვილი, გიგი
Relator term დიზაინერი
9 (RLIN) 26512
942 ## - ADDED ENTRY ELEMENTS (KOHA)
Source of classification or shelving scheme
Koha item type წიგნი
ეგზემპლარები
ჩამოწერის სტატუსი დაკარგული ეგზემპლარის სტატუსი კლასიფიკაციის წყარო ან თაროზე გაწყობის სქემა დაზიანების სტატუსი არ გაიცემა მუდმივი მდებარეობა (დაცვის ადგილი) ამჟამინდელი ადგილსამყოფელი თაროზე განთავსების ადგილი შეძენის თარიღი ღირებულება, შესყიდვის ნორმალური ფასი სრული შენახვის შიფრი შტრიხკოდი ბოლო ოპერაციის თარიღი ეგზემპლარის მიმდევრობითი ნომერი (კეტერი?) Uniform Resource Identifier ფასის ძალაში შესვლის თარიღი ეგზემპლარის სახეობა საჯარო შენიშვნა
          ბათუმის შოთა რუსთაველის სახელმწიფო უნივერსიტეტის მთავარი ბიბლიოთეკა ბათუმის შოთა რუსთაველის სახელმწიფო უნივერსიტეტის მთავარი ბიბლიოთეკა წიგნსაცავი 2025-12-16 8.00 78(479.22)(09) ჭ-23 73272 2025-12-16 73272 საჩუქარი საქართველოს ეროვნული ბიბლიოთეკისაგან 2025-12-16 წიგნი 8 ლ.